[Event "EU-ch U12 31st"]
[Site "Mamaia"]
[Date "2023.09.08"]
[Round "4"]
[White "Marin Ferragut, Pau"]
[Black "Alizada, Pasham"]
[Result "1-0"]
[WhiteElo "2193"]
[BlackElo "1907"]
[PlyCount "67"]
[EventDate "2023.09.05"]
[EventType "swiss"]
[EventRounds "9"]
[EventCountry "ROU"]
[SourceTitle "EXT 2024"]
[Source "ChessBase"]
[SourceDate "2023.10.10"]
[SourceVersion "1"]
[SourceVersionDate "2023.10.10"]
[SourceQuality "1"]

1. c4 Nf6 2. Nc3 d5 3. cxd5 Nxd5 4. Nf3 g6 5. h4 h5 6. e4 Nxc3 7. bxc3 Bg7 8. Be2 0-0 9. 0-0 c5 10. Rb1 Nc6 11. Ng5 Bf6 12. f4 Bxg5 13. hxg5 e5 14. f5 Qxg5 15. d4 Qh4 16. d5 Nb8 17. fxg6 fxg6 18. Rxf8+ Kxf8 19. d6 Be6 20. Rxb7 Nd7 21. Rxd7 Bxd7 22. Bh6+ Kg8 23. Qd5+ Kh7 24. Qxa8 Qe1+ 25. Bf1 Kxh6 26. Qh8+ Kg5 27. Qd8+ Kf4 28. Qxd7 h4 29. Qf7+ Kg5 30. d7 Qe3+ 31. Kh1 Qd2 32. Qd5 Qf4 33. d8Q+ Kh5 34. Be2+ 1-0

[Event "World ol U16"]
[Site "Nakhchivan"]
[Date "2022.10.07"]
[Round "6.5"]
[White "Alizada, Pasham"]
[Black "Suleymanli, Suleyman"]
[Result "1/2-1/2"]
[WhiteElo "1770"]
[BlackElo "2304"]
[PlyCount "123"]
[EventDate "2022.10.02"]
[EventType "team-swiss"]
[EventRounds "9"]
[EventCountry "AZE"]
[SourceTitle "CBM 210 Extra"]
[Source "ChessBase"]
[SourceDate "2022.11.30"]
[SourceVersion "1"]
[SourceVersionDate "2022.11.30"]
[SourceQuality "1"]
[WhiteTeam "Azerbaijan IV"]
[BlackTeam "Azerbaijan"]
[WhiteTeamCountry "AZE"]
[BlackTeamCountry "AZE"]

1. e4 e6 2. d4 d5 3. Nd2 c5 4. exd5 exd5 5. Ngf3 Nc6 6. Bb5 Bd6 7. 0-0 Nge7 8. dxc5 Bxc5 9. Nb3 Bb6 10. Bf4 0-0 11. h3 Bf5 12. c3 Be4 13. Nfd4 Ng6 14. Bg3 Qf6 15. Bd3 Rad8 16. Nxc6 Qxc6 17. Kh2 f5 18. f3 Bxd3 19. Qxd3 Bc7 20. Nd4 Bxg3+ 21. Kxg3 Qd6+ 22. Kf2 Nf4 23. Qd2 Qh6 24. Rad1 Rde8 25. Kg3 Qg5+ 26. Kh2 Re2 27. Qxe2 Nxe2 28. Nxe2 f4 29. Nd4 Re8 30. Rf2 Re5 31. Kg1 Qe7 32. Kf1 Qc5 33. Re2 Rxe2 34. Nxe2 g5 35. Rd4 Qb5 36. Rb4 Qa6 37. a4 b6 38. Rd4 h6 39. Kf2 Kf7 40. Ke1 Ke6 41. Kf2 Qb7 42. Ke1 Qh7 43. b4 Qb1+ 44. Kf2 a6 45. b5 axb5 46. Rb4 Qd3 47. Rxb5 Kd7 48. Rb4 Qe3+ 49. Kf1 Kc6 50. Rd4 Kc5 51. Rb4 Qd3 52. Kf2 Qe3+ 53. Kf1 h5 54. Rd4 h4 55. Rb4 g4 56. hxg4 h3 57. gxh3 Qxf3+ 58. Ke1 Qh1+ 59. Kf2 Qh2+ 60. Kf3 Qxh3+ 61. Kxf4 Qh2+ 62. Kf3 1/2-1/2

[Event "Wch U12"]
[Site "Batumi"]
[Date "2022.09.27"]
[Round "11"]
[White "Alizada, Pasham"]
[Black "Kabinazar, Nurmukhammed"]
[Result "1-0"]
[WhiteElo "1770"]
[BlackElo "1616"]
[PlyCount "46"]
[EventDate "2022.09.16"]
[EventType "swiss"]
[EventRounds "11"]
[EventCountry "GEO"]
[SourceTitle "EXT 2023"]
[Source "ChessBase"]
[SourceDate "2022.10.05"]
[SourceVersion "1"]
[SourceVersionDate "2022.10.05"]
[SourceQuality "1"]

1. e4 e5 2. Nf3 Nc6 3. Bc4 Bc5 4. c3 Nf6 5. d3 a6 6. Nbd2 0-0 7. 0-0 d6 8. Re1 Ng4 9. Re2 Kh8 10. Nb3 Ba7 11. h3 Nf6 12. a4 h6 13. Be3 Bxe3 14. fxe3 d5 15. exd5 Nxd5 16. Bxd5 Qxd5 17. e4 Qd6 18. d4 exd4 19. Nbxd4 Ne5 20. Nxe5 Qxe5 21. Qb3 c5 22. Nf3 Qg3 23. Qd5 Bxh3 1-0